000 00495nam a22001577a 4500
999 _c524651
_d524651
003 NUST
038 _aMr. Zahoor
082 _a620.005
100 _aZulqarnain Zahid
_915453
245 _aFormulation of a Management System for Implementation of Dynamic Spectrum in Wireless Network /
_cZulqarnain Zahid
260 _aIslamabad :
_b CEME - NUST,
_c2104.
300 _ax, 80, p. : ill, ; 30 cm.
500 _aHardcover.
600 _2 Engineering Management - MS Thesis
942 _2ddc
_cTHE